00600nam a2200217Ia 4500003000400000005001700004008004100021020001800062040001800080041000800098082002000106100002000126245007400146250001400220260004600234300002200280650002500302650002000327650002000347650001500367OSt20220124151751.0210716s2011 xx 000 0 und d a9788184841183 cAIMIT LIBRARY aeng a001.4221bPARC aParamasivan, C. aResearch methodology for commerce and management /cby C. Paranasivan a[1st ed.] aNew Delhi :cRegal Publications ,b2011. ax, 228p ; c22cm. aResearch Methodology aResearch Design aData Collection aHypothesis